[Event "It"]
[Site "masterchessopen.com Esbjerg (Denmark)"]
[Round "3"]
[White "Jelling Erik (DEN)"]
[Black "Riemersma Liafbern (NED)"]
[Result "0-1"]
[WhiteElo "2375"]
[BlackElo "2380"]

1.d4 Nf6 2.c4 g6 3.Nf3 Bg7 4.g3 O-O 5.Bg2 d5 6.cxd5 Nxd5 7.O-O Nb6 8.Nc3 Nc6
9.e3 e5 10.d5 Na5 11.e4 c6 12.Be3 cxd5 13.exd5 Nac4 14.Bc5 Re8 15.Nd2 Nxb2
16.Qc2 N2c4 17.Nxc4 Nxc4 18.Nb5 a6 19.Qxc4 axb5 20.Qxb5 e4 21.Rad1 Bg4 22.f3
Bd7 23.Qb4 e3 24.Rfe1 e2 25.Rd2 Ra4 26.Qxb7 Qa5 27.Qxd7 Qxc5+ 28.Kh1 Raa8
29.Qb7 Rab8 {#R} 0-1

[Event "Bundesliga 1987/88 (2nd)"]
[Site "masterchessopen.com Germany"]
[Round "0"]
[White "Von Gleich Alexander (GER)"]
[Black "Schirm Friedmar (GER)"]
[Result "1-0"]
[WhiteElo "2334"]
[BlackElo "2251"]

1.d4 Nf6 2.Nf3 g6 3.c4 Bg7 4.g3 O-O 5.Bg2 d5 6.cxd5 Nxd5 7.O-O Nb6 8.Nc3 Nc6
9.d5 Na5 10.e4 c6 11.Bg5 h6 12.Bf4 cxd5 13.exd5 Nac4 14.b3 Bxc3 15.Rc1 Nb2
16.Qe2 Bg7 17.Be5 Bxe5 18.Nxe5 N2a4 19.bxa4 Bd7 20.a5 Nc8 21.Rfe1 Re8 22.Nc6
bxc6 23.dxc6 Bg4 24.Qxg4 {#r} 1-0

[Event "Ch India"]
[Site "masterchessopen.com India"]
[Round "0"]
[White "Pavanasam Ananchaperumal (IND)"]
[Black "Katdare Jayant C (IND)"]
[Result "1-0"]
[WhiteElo "2355"]
[BlackElo "2121"]

1.Nf3 Nf6 2.c4 g6 3.g3 Bg7 4.Bg2 O-O 5.d4 d5 6.cxd5 Nxd5 7.O-O Nb6 8.Nc3 Nc6
9.e3 e5 10.d5 Ne7 11.e4 Bg4 12.h3 Bxf3 13.Qxf3 c6 14.Rd1 cxd5 15.Nxd5 Nbxd5
16.exd5 Nf5 17.Qb3 Nd6 18.Be3 f5 19.Rac1 Rf7 20.f4 e4 21.a4 Rc7 22.Rxc7 Qxc7
23.Rc1 Qd8 24.Bf1 Qf6 25.Rc2 Qf7 26.Bc5 Bf8 27.Bd4 Bg7 28.Be5 Bf8 29.Qc3 h6
30.Qc7 Qxd5 31.Rd2 Qxd2 32.Bc4+ {#r} 1-0

[Event "It (open)"]
[Site "masterchessopen.com London (England)"]
[Round "0"]
[White "Akesson Ralf (SWE)"]
[Black "Morris Philip (ENG)"]
[Result "1-0"]
[WhiteElo "2421"]
[BlackElo "2375"]

1.d4 Nf6 2.c4 g6 3.g3 d5 4.cxd5 Nxd5 5.Bg2 Bg7 6.Nf3 O-O 7.O-O Nb6 8.Nc3 Nc6
9.e3 e5 10.d5 Na5 11.e4 Nac4 12.a4 a5 13.b3 Nd6 14.Ne1 f5 15.f3 Nd7 16.Nd3 b6
17.Be3 f4 18.Bf2 Ba6 19.Bh3 Qe7 20.Kg2 h5 21.Rc1 g5 22.Be6+ Kh8 23.g4 hxg4
24.Bxg4 Bf6 25.Qd2 Rf7 26.Nd1 Nf8 27.N1b2 Ng6 28.Nc4 Nh4+ 29.Kh1 Rg7 30.Nxd6
cxd6 31.Bxb6 Rb8 32.Rc6 Qf8 33.Bxa5 {#r} 1-0

[Event "Ch Nassau"]
[Site "masterchessopen.com Nassau (USA)"]
[Round "10"]
[White "Weldon Charles (USA)"]
[Black "Josenhans Daniel (USA)"]
[Result "1-0"]
[WhiteElo "2275"]
[BlackElo "2267"]

1.d4 Nf6 2.Nf3 g6 3.c4 Bg7 4.g3 O-O 5.Bg2 d5 6.cxd5 Nxd5 7.O-O Nb6 8.Nc3 Nc6
9.Bf4 h6 10.Qc1 g5 11.Be3 Nc4 12.d5 N6e5 13.Nxe5 Bxe5 14.Rd1 Nxe3 15.Qxe3 Bg7
16.Rac1 a6 17.Qd2 f5 18.Na4 Be5 19.f4 gxf4 20.gxf4 Bd6 21.Rc3 e5 22.dxe6 Bxe6
23.Bxb7 Rb8 24.Bd5 Bxd5 25.Qxd5+ Kh7 26.e3 Qe8 27.b3 Qh5 28.Rdc1 Rg8+ 29.Kh1
Rg7 30.Nc5 c6 31.Qxc6 Rc7 32.Qd5 Bxc5 33.Rxc5 {#r} 1-0

[Event "?"]
[Site "masterchessopen.com Schoeneck (Germany)"]
[Round "3"]
[White "Gruen Peter (GER)"]
[Black "Bewersdorff Oliver (GER)"]
[Result "0-1"]
[WhiteElo "2380"]
[BlackElo "2326"]

1.d4 Nf6 2.Nf3 g6 3.c4 Bg7 4.g3 O-O 5.Bg2 d5 6.cxd5 Nxd5 7.O-O Nb6 8.Nc3 Nc6
9.e3 e5 10.d5 Na5 11.e4 c6 12.Bg5 f6 13.Be3 cxd5 14.Bxb6 Qxb6 15.Nxd5 Qd8
16.b4 Nc6 17.Qb3 Be6 18.Rfd1 f5 19.b5 Nd4 20.Nxd4 exd4 21.Re1 fxe4 22.Bxe4 Kh8
23.Bg2 Bg8 24.Rac1 Rf5 {#R} 0-1

[Event "Ch URS (1 liga) (cat.10)"]
[Site "masterchessopen.com Simferopol (Ukraine)"]
[Round "10"]
[White "Savchenko Stanislav (UKR)"]
[Black "Dvoirys Semen I (RUS)"]
[Result "0-1"]
[WhiteElo "2480"]
[BlackElo "2440"]

1.d4 Nf6 2.c4 g6 3.Nf3 Bg7 4.g3 d5 5.cxd5 Nxd5 6.Bg2 Nb6 7.O-O O-O 8.Nc3 Na6
9.Bf4 c5 10.d5 c4 11.e4 Bg4 12.Qd2 Bxf3 13.Bxf3 Nc5 14.Rad1 Nbd7 15.Be2 Rc8
16.Be3 Bxc3 17.bxc3 Nxe4 18.Qd4 Ndf6 19.Bxc4 b5 20.Bxb5 Nxc3 21.Bc4 Nxd1
22.Rxd1 Qd7 23.Bb3 a5 24.Qh4 Ng4 25.Bd4 a4 26.Bxa4 Qxa4 27.Qxg4 Rc4 28.Rd3 Rd8
29.Qf4 Qa5 30.Qh6 Qe1+ 31.Kg2 Qe4+ 32.f3 Qe2+ 33.Kh3 Qf1+ 34.Kh4 e5 {#R} 0-1

[Event "It (cat.9)"]
[Site "masterchessopen.com Wijk aan Zee (Netherlands)"]
[Round "0"]
[White "Riemersma Liafbern (NED)"]
[Black "Douven Rudy C (NED)"]
[Result "0-1"]
[WhiteElo "2380"]
[BlackElo "2430"]

1.d4 Nf6 2.c4 g6 3.Nf3 Bg7 4.g3 O-O 5.Bg2 d5 6.cxd5 Nxd5 7.O-O Nb6 8.Nc3 Nc6
9.e3 e5 10.d5 Nb4 11.e4 c6 12.a3 Na6 13.Re1 Nc7 14.a4 cxd5 15.a5 Nc4 16.exd5
Re8 17.b3 Nd6 18.Bb2 Bg4 19.Qd2 Bxf3 20.Bxf3 Ncb5 21.Nxb5 Nxb5 22.a6 Rb8
23.axb7 Rxb7 24.d6 Rb6 25.d7 Re7 26.Bg4 f5 27.Qd5+ Kh8 28.Rad1 Nc7 29.Qc4 Rxd7
30.Qf7 Nd5 31.Rxd5 Rxd5 32.Bf3 Rd7 33.Qc4 e4 34.Bxg7+ Kxg7 35.Bg2 Qc7 {#R} 0-1

[Event "It"]
[Site "masterchessopen.com Altensteig (Germany)"]
[Round "0"]
[White "Stangl Markus (GER)"]
[Black "Luecke Norbert (GER)"]
[Result "1-0"]
[WhiteElo "2443"]
[BlackElo "2353"]

1.Nf3 Nf6 2.c4 g6 3.g3 Bg7 4.Bg2 O-O 5.d4 d5 6.cxd5 Nxd5 7.O-O Nb6 8.Nc3 Nc6
9.d5 Na5 10.e4 c6 11.Bg5 Nac4 12.Qe2 h6 13.Bf4 cxd5 14.exd5 g5 15.Bc1 Bg4
16.h3 Bh5 17.Rd1 Rc8 18.g4 Bg6 19.Nd4 Qd7 20.b3 Nd6 21.Bb2 Rfe8 22.a4 a5
23.Rac1 Qd8 24.Ncb5 Nd7 25.Rxc8 Nxc8 26.Ne6 {#r} 1-0

[Event "It (open)"]
[Site "masterchessopen.com Cannes (France)"]
[Round "0"]
[White "Anic Darko (FRA)"]
[Black "Moal Alain (FRA)"]
[Result "1-0"]
[WhiteElo "2424"]
[BlackElo "2175"]

1.d4 Nf6 2.Nf3 g6 3.c4 Bg7 4.g3 O-O 5.Bg2 d5 6.cxd5 Nxd5 7.O-O Nb6 8.Nc3 Nc6
9.e3 e5 10.d5 Na5 11.e4 Nac4 12.b3 Nd6 13.a4 Bd7 14.Ba3 Nbc8 15.Qd2 Re8
16.Rfd1 Bf8 17.Ne1 c6 18.Nd3 cxd5 19.Nxd5 Bc6 20.N3b4 a5 21.Nc2 b5 22.Nce3
bxa4 23.bxa4 Bxd5 24.exd5 f5 25.Rdc1 f4 26.gxf4 exf4 27.Nf1 Bg7 28.Rab1 Be5
29.Qd3 Ra7 30.Nd2 Rc7 31.Rc6 Na7 32.Rxc7 Qxc7 33.Nf3 Qc3 34.Qxc3 Bxc3 35.Bxd6
{#r} 1-0

[Event "Ch \"]
[Site "masterchessopen.com Lugansk (Ukraine)"]
[Round "8"]
[White "Popov Luben (BUL)"]
[Black "Shilov Sergej (UKR)"]
[Result "1-0"]
[WhiteElo "2317"]
[BlackElo "2188"]

1.c4 g6 2.Nf3 Bg7 3.d4 Nf6 4.g3 O-O 5.Bg2 d5 6.cxd5 Nxd5 7.O-O Nb6 8.Nc3 Nc6
9.e3 Re8 10.b3 e5 11.Nxe5 Nxe5 12.dxe5 Qxd1 13.Rxd1 Bxe5 14.Bb2 a5 15.Rd2 c6
16.Rad1 a4 17.Ne4 Bg4 18.Bxe5 {#r} 1-0

[Event "It (open)"]
[Site "masterchessopen.com New York (USA)"]
[Round "0"]
[White "Hulak Krunoslav (CRO)"]
[Black "Henao Raul Fernando (COL)"]
[Result "1-0"]
[WhiteElo "2550"]
[BlackElo "2420"]

1.d4 Nf6 2.c4 g6 3.g3 Bg7 4.Bg2 d5 5.cxd5 Nxd5 6.Nf3 O-O 7.O-O Nb6 8.Nc3 Nc6
9.e3 e5 10.d5 Ne7 11.e4 Bg4 12.h3 Bxf3 13.Qxf3 c6 14.Rd1 cxd5 15.Nxd5 Nbxd5
16.exd5 Nf5 17.d6 Rb8 18.d7 Nd4 19.Qd5 Qe7 20.h4 Kh8 21.Bg5 f6 22.Be3 f5
23.Bxd4 exd4 24.Re1 Qb4 25.Re6 d3 26.Qxd3 f4 27.Rae1 fxg3 28.fxg3 Rbd8 29.Kh2
Bd4 30.Re7 Qd6 31.Qb5 Rf5 32.Re8+ Kg7 33.R1e7+ Kh6 34.Qc4 Rxd7 35.Qc1+ {#r}
1-0

[Event "It (open)"]
[Site "masterchessopen.com Novi Sad (Yugoslavia)"]
[Round "7"]
[White "Hasecic Sabahudin (BIH)"]
[Black "Kosic Dragan (MNE)"]
[Result "0-1"]
[WhiteElo "2233"]
[BlackElo "2495"]

1.d4 Nf6 2.Nf3 g6 3.c4 Bg7 4.g3 d5 5.cxd5 Nxd5 6.Bg2 O-O 7.O-O Nb6 8.Nc3 Nc6
9.e3 Bg4 10.h3 Bd7 11.Re1 e5 12.d5 Ne7 13.e4 c6 14.Qb3 cxd5 15.exd5 Nexd5
16.Bg5 Nf6 17.Nxe5 Be6 18.Qb4 Nfd5 19.Nxd5 Nxd5 20.Qd2 Qd6 21.Nxf7 Bxf7
22.Rad1 Rad8 23.Bxd8 Rxd8 24.Re3 Nxe3 25.Qxd6 Rxd6 26.Rxd6 Nxg2 {#R} 0-1

[Event "Ch Armed Forces"]
[Site "masterchessopen.com Novosibirsk (Russia)"]
[Round "0"]
[White "Baburin Alexander (IRL)"]
[Black "Chuchelov Vladimir (BEL)"]
[Result "1-0"]
[WhiteElo "2535"]
[BlackElo "2538"]

1.d4 Nf6 2.c4 g6 3.Nf3 Bg7 4.g3 O-O 5.Bg2 d5 6.cxd5 Nxd5 7.O-O Nb6 8.Nc3 Nc6
9.d5 Na5 10.e4 c6 11.h3 Nac4 12.Qe2 Bd7 13.Rd1 cxd5 14.exd5 Rc8 15.Nd4 Nd6
16.Bf4 Re8 17.Rac1 Rc4 18.Nf3 Qc8 19.Ne5 Rc5 20.Ne4 Bb5 21.Qe3 Nxe4 22.Qxe4
Nc4 23.Nd3 e5 24.dxe6 Bc6 25.exf7+ Kxf7 26.Nxc5 Bxe4 27.Nxe4 Bf8 28.b3 b5
29.bxc4 bxc4 30.Nd6+ Bxd6 31.Rxd6 {#r} 1-0

[Event "It (open)"]
[Site "masterchessopen.com Aarhus (Denmark)"]
[Round "6"]
[White "Panzalovic Srdjan (GER)"]
[Black "Krogh Carsten (DEN)"]
[Result "1-0"]
[WhiteElo "2458"]
[BlackElo "2279"]

1.Nf3 Nf6 2.c4 g6 3.g3 Bg7 4.Bg2 O-O 5.O-O d5 6.cxd5 Nxd5 7.d4 Nb6 8.Nc3 Nc6
9.e3 e5 10.d5 Na5 11.e4 c6 12.Be3 cxd5 13.exd5 Nac4 14.Bc5 Re8 15.b3 e4 16.Nd4
Nxd5 17.Nxe4 Nce3 18.fxe3 Nxe3 19.Ne6 Nxd1 20.Nxd8 Bxa1 21.Rxd1 Bf5 22.Rxa1
Bxe4 23.Bxe4 Rxe4 24.Nxb7 Re2 25.b4 f5 26.a4 g5 27.Rf1 Re5 28.Nd6 f4 29.gxf4
gxf4 30.Rxf4 Rg5+ 31.Kf2 a5 32.Ne4 Re5 33.b5 Rc8 34.Be3 Re6 35.Rg4+ {#r} 1-0

[Event "Ch Belgium"]
[Site "masterchessopen.com Belgium"]
[Round "1"]
[White "Anciaux Marc (BEL)"]
[Black "Goormachtigh Johan (BEL)"]
[Result "0-1"]
[WhiteElo "2174"]
[BlackElo "2270"]

1.Nf3 Nf6 2.c4 g6 3.g3 Bg7 4.Bg2 O-O 5.O-O d5 6.cxd5 Nxd5 7.d4 Nb6 8.Nc3 Nc6
9.e3 e5 10.d5 Ne7 11.e4 Bg4 12.Qb3 Bxf3 13.Bxf3 c6 14.Rd1 cxd5 15.exd5 Nf5
16.Be3 Nd6 17.Be2 f5 18.Nb5 Nbc8 19.Rac1 Rf7 20.Nc3 Qf6 21.f4 exf4 22.Bxf4 g5
23.Be3 f4 24.Bd4 Qf5 25.Bxg7 Rxg7 26.Qc2 Qe5 27.Qd3 Ne7 28.Bg4 Nef5 29.Bxf5
Nxf5 30.Qe4 Qf6 31.gxf4 gxf4+ 32.Kh1 Ng3+ 33.hxg3 Qh6+ 34.Kg2 Rxg3+ 35.Kf1
Qh3+ 36.Ke2 Qh2+ {#R} 0-1

[Event "It (open) \"]
[Site "masterchessopen.com Budapest (Hungary)"]
[Round "0"]
[White "Cvitan Ognjen (CRO)"]
[Black "Lehmann Heinz G (GER)"]
[Result "1-0"]
[WhiteElo "2507"]
[BlackElo "2285"]

1.Nf3 Nf6 2.c4 g6 3.d4 Bg7 4.g3 O-O 5.Bg2 d5 6.cxd5 Nxd5 7.O-O Nb6 8.Nc3 Na6
9.Bf4 c5 10.dxc5 Nxc5 11.Qc1 Nca4 12.Nxa4 Nxa4 13.Be5 Bxe5 14.Nxe5 Qd4 15.Qc7
Qxb2 16.Qxe7 Be6 17.Nd3 Qxe2 18.Nf4 Qc4 19.Qxb7 Nc3 20.Qe7 Rfe8 21.Qa3 Ne4
22.Rfe1 Bf5 23.Rac1 Qd4 24.Qe3 Qa4 25.Nd5 Rad8 26.Nc7 Qxa2 27.Nxe8 Rxe8 28.g4
{#r} 1-0

[Event "It (open) \"]
[Site "masterchessopen.com Budapest (Hungary)"]
[Round "0"]
[White "Horvath Erno Dr (HUN)"]
[Black "Lamza Nenad (CRO)"]
[Result "0-1"]
[WhiteElo "2130"]
[BlackElo "2230"]

1.d4 Nf6 2.c4 g6 3.g3 Bg7 4.Bg2 O-O 5.Nf3 d5 6.cxd5 Nxd5 7.O-O Nb6 8.Nc3 Nc6
9.d5 Na5 10.e4 c6 11.dxc6 Nxc6 12.Qe2 Bg4 13.Be3 e5 14.Rfd1 Nd4 15.Bxd4 exd4
16.h3 Bxf3 17.Bxf3 Re8 18.Qb5 {#R} 0-1

[Event "It (open) \"]
[Site "masterchessopen.com Budapest (Hungary)"]
[Round "0"]
[White "Vaulin Alexander (RUS)"]
[Black "Berebora Ferenc (HUN)"]
[Result "1-0"]
[WhiteElo "2390"]
[BlackElo "2407"]

1.c4 Nf6 2.g3 g6 3.Bg2 Bg7 4.Nf3 O-O 5.d4 d5 6.cxd5 Nxd5 7.O-O Nb6 8.Nc3 Nc6
9.e3 e5 10.d5 Ne7 11.e4 Bg4 12.a4 c6 13.a5 Nc4 14.a6 bxa6 15.Rxa6 cxd5 16.exd5
e4 17.Nxe4 Qxd5 18.Nf6+ Bxf6 19.Rxf6 Qxd1 20.Rxd1 Rad8 21.Re1 Nf5 22.Ra6 Rb8
23.Ng5 Nd4 24.Ra4 Rfe8 25.Ne4 Ne2+ 26.Kf1 Rbc8 27.Bh6 Be6 28.Rxe2 Nxb2 29.Rxa7
Bc4 30.Kg1 {#r} 1-0

[Event "It"]
[Site "masterchessopen.com Debrecen (Hungary)"]
[Round "7"]
[White "Romanishin Oleg M (UKR)"]
[Black "Kindermann Stefan (AUT)"]
[Result "1-0"]
[WhiteElo "2525"]
[BlackElo "2519"]

1.d4 Nf6 2.Nf3 g6 3.g3 Bg7 4.c4 O-O 5.Bg2 d5 6.cxd5 Nxd5 7.O-O Nb6 8.Nc3 Nc6
9.d5 Na5 10.e4 c6 11.Bg5 h6 12.Bf4 Nac4 13.b3 Bxc3 14.Rc1 Nb2 15.Qc2 Bg7
16.Be5 Bxe5 17.Nxe5 cxd5 18.exd5 Nxd5 19.Nxg6 Nb4 20.Qe4 Re8 21.Ne5 Qd2
22.Rxc8 {#r} 1-0

[Event "It (open)"]
[Site "masterchessopen.com Groningen (Netherlands)"]
[Round "6"]
[White "Kochyev Alexander (RUS)"]
[Black "Douven Rudy C (NED)"]
[Result "1-0"]
[WhiteElo "2417"]
[BlackElo "2440"]

1.Nf3 Nf6 2.g3 g6 3.Bg2 Bg7 4.c4 O-O 5.d4 d5 6.cxd5 Nxd5 7.O-O Nb6 8.Nc3 Nc6
9.Bf4 Bg4 10.d5 Bxf3 11.Bxf3 Ne5 12.Bg2 Nec4 13.Qb3 Qd7 14.Rac1 Nd6 15.e4 Nbc4
16.Na4 b5 17.Nc5 Qc8 18.Nd3 Bd4 19.e5 Nf5 20.d6 c6 21.Qd1 exd6 22.exd6 Rd8
23.b3 Ncxd6 24.Rxc6 Qe6 25.g4 Rac8 26.gxf5 {#r} 1-0

[Event "It (open)"]
[Site "masterchessopen.com Hastings (England)"]
[Round "0"]
[White "Giddins Stephen (ENG)"]
[Black "Janjgava Lasha (GEO)"]
[Result "0-1"]
[WhiteElo "2188"]
[BlackElo "2455"]

1.d4 Nf6 2.Nf3 g6 3.c4 Bg7 4.g3 O-O 5.Bg2 d5 6.cxd5 Nxd5 7.O-O Nb6 8.Nc3 Nc6
9.d5 Na5 10.e4 c6 11.Bg5 cxd5 12.Nxd5 Nxd5 13.exd5 Bxb2 14.Rb1 Bf6 15.Bxf6
exf6 16.Qd4 Bf5 17.Rbc1 Qd6 18.Rfe1 Rfd8 19.Qd2 b6 20.Nd4 Bd7 21.Qf4 Qxf4
22.gxf4 Rac8 23.Nc6 Nxc6 24.dxc6 Be6 25.Red1 Rxd1+ 26.Rxd1 Kf8 27.a3 Ke7
28.Kf1 Rd8 29.Rxd8 Kxd8 30.Ke2 Kc7 31.Kd3 Kd6 32.Kd4 f5 33.Bf3 f6 34.h4 Bb3
{#R} 0-1

[Event "It "]
[Site "masterchessopen.com Miskolc (Hungary)"]
[Round "10"]
[White "Ruban Vadim (RUS)"]
[Black "Luecke Norbert (GER)"]
[Result "1-0"]
[WhiteElo "2545"]
[BlackElo "2353"]

1.d4 Nf6 2.c4 g6 3.g3 Bg7 4.Bg2 d5 5.Nf3 O-O 6.cxd5 Nxd5 7.O-O Nb6 8.Nc3 Nc6
9.d5 Na5 10.e4 c6 11.Bg5 h6 12.Bf4 cxd5 13.exd5 Nac4 14.Qe2 g5 15.Bc1 Bg4
16.h3 Bh5 17.Rd1 Rc8 18.a4 Nxb2 19.Bxb2 Bxc3 20.g4 Bg6 21.Ne5 Bh7 22.Nc6 bxc6
23.dxc6 Bxb2 24.Rxd8 Bxa1 25.Rxf8+ Kxf8 26.a5 Na8 27.Qa6 Rd8 28.Bf3 Bd4 29.Qb7
Bd3 30.Qd7 {#r} 1-0

[Event "Memorial Goldberg"]
[Site "masterchessopen.com Moscow (Russia)"]
[Round "10"]
[White "Lempert Igor (UKR)"]
[Black "Najdoski Toni (MKD)"]
[Result "1-0"]
[WhiteElo "2459"]
[BlackElo "2598"]

1.d4 Nf6 2.c4 g6 3.g3 Bg7 4.Bg2 d5 5.cxd5 Nxd5 6.Nf3 O-O 7.O-O Nb6 8.Nc3 Nc6
9.d5 Na5 10.Qc2 c6 11.dxc6 Nxc6 12.Rd1 Qc7 13.Nb5 Qb8 14.Bf4 e5 15.Be3 Bf5
16.Qc5 Nd7 17.Qa3 Re8 18.Ng5 h6 19.Nxf7 Kxf7 20.Nd6+ Kf6 21.Nxf5 gxf5 22.Rxd7
Bf8 23.Qb3 Re7 24.Rad1 a5 25.R1d6+ Kg7 26.Qe6 Qxd6 {#r} 1-0

[Event "It (open)"]
[Site "masterchessopen.com Sibenik (Croatia)"]
[Round "0"]
[White "Mihalcisin Adrian (SLO)"]
[Black "Ragozin Evgeni (RUS)"]
[Result "1-0"]
[WhiteElo "2510"]
[BlackElo "2441"]

1.d4 Nf6 2.c4 g6 3.Nf3 Bg7 4.g3 O-O 5.Bg2 d5 6.cxd5 Nxd5 7.O-O Nb6 8.Nc3 Nc6
9.d5 Na5 10.e4 c6 11.Bg5 h6 12.Bf4 Nac4 13.b3 g5 14.bxc4 gxf4 15.Qb3 fxg3
16.hxg3 cxd5 17.cxd5 Bd7 18.Rac1 Rc8 19.Ne2 Rxc1 20.Rxc1 Qb8 21.Nf4 Rc8
22.Rxc8+ Bxc8 23.Qa3 Bf8 24.e5 Bg4 25.e6 fxe6 26.dxe6 Qd6 27.Qxa7 Bg7 28.Qxb7
Bxe6 29.Nxe6 Qxe6 30.a4 Nc4 31.a5 {#r} 1-0

[Event "It"]
[Site "masterchessopen.com St. Ingbert (Germany)"]
[Round "8"]
[White "Paehtz Thomas (GER)"]
[Black "Vegh Endre (HUN)"]
[Result "1-0"]
[WhiteElo "2437"]
[BlackElo "2267"]

1.d4 Nf6 2.c4 g6 3.Nf3 Bg7 4.g3 O-O 5.Bg2 d5 6.cxd5 Nxd5 7.O-O Nb6 8.Nc3 Nc6
9.e3 e5 10.d5 Na5 11.e4 c6 12.Bg5 f6 13.Be3 cxd5 14.exd5 Rf7 15.Nd2 Nbc4
16.Nxc4 Nxc4 17.Qe2 Nxe3 18.fxe3 Qb6 19.Rad1 Bh6 20.Kh1 Qxe3 21.Qb5 Bg4 22.d6
Bxd1 23.Rxd1 Kg7 24.Nd5 a6 25.Qc4 Qf2 26.Nc7 {#r} 1-0

[Event "It (open)"]
[Site "masterchessopen.com Warsaw (Poland)"]
[Round "10"]
[White "Itkis Boris (ROM)"]
[Black "Rotstein Arkadij (GER)"]
[Result "1-0"]
[WhiteElo "2440"]
[BlackElo "2515"]

1.d4 Nf6 2.Nf3 g6 3.c4 Bg7 4.g3 O-O 5.Bg2 d5 6.cxd5 Nxd5 7.O-O Nb6 8.Nc3 Nc6
9.d5 Na5 10.e4 c6 11.Bg5 h6 12.Bf4 cxd5 13.exd5 Nac4 14.Qe2 g5 15.Bc1 Bg4
16.h3 Bxf3 17.Qxf3 Re8 18.Qh5 Qd6 19.h4 Qg6 20.Qxg6 fxg6 21.hxg5 hxg5 22.Bh3
Rad8 23.Be6+ Kf8 24.Ne4 Nxb2 25.Kg2 Bd4 26.Bxg5 Kg7 27.Rh1 Rh8 28.Bxe7 Rde8
29.Rxh8 Rxh8 30.d6 Re8 31.Rc1 Be5 32.Rc7 {#r} 1-0

[Event "Ch Poland"]
[Site "masterchessopen.com Bielsko-Biala (Poland)"]
[Round "9"]
[White "Jaworski Miroslaw (POL)"]
[Black "Babik Tomasz (POL)"]
[Result "0-1"]
[WhiteElo "2320"]
[BlackElo "2224"]

1.d4 Nf6 2.Nf3 g6 3.c4 Bg7 4.g3 O-O 5.Bg2 d5 6.cxd5 Nxd5 7.O-O Nb6 8.Nc3 Nc6
9.e3 e5 10.d5 Na5 11.e4 c6 12.Bg5 f6 13.Be3 cxd5 14.exd5 Rf7 15.b3 Bg4 16.h3
Bxf3 17.Bxf3 f5 18.Rc1 e4 19.Be2 Rc8 20.Bxb6 Qxb6 21.Nb5 Rxc1 22.Qxc1 a6
23.Qc8+ Rf8 24.Qc7 Qxc7 25.Nxc7 Rc8 26.Ne6 Rc2 27.Bd1 Rd2 28.b4 Nc4 29.Bb3 b5
30.Nc7 Bd4 31.Nxa6 e3 32.fxe3 Nxe3 33.Rf3 Ng4+ {#R} 0-1

[Event "Cup Doeberl"]
[Site "masterchessopen.com Canberra (Australia)"]
[Round "4"]
[White "Danailov Silvio (BUL)"]
[Black "Arakhamia-Grant Ketevan (SCO)"]
[Result "0-1"]
[WhiteElo "2466"]
[BlackElo "2456"]

1.Nf3 Nf6 2.c4 g6 3.g3 Bg7 4.Bg2 O-O 5.O-O d5 6.cxd5 Nxd5 7.d4 Nb6 8.Nc3 Nc6
9.d5 Na5 10.e4 c6 11.Bg5 cxd5 12.exd5 h6 13.Bf4 Bg4 14.h3 Bxf3 15.Qxf3 g5
16.Bc1 Rc8 17.Re1 Nac4 18.h4 gxh4 19.Qg4 f5 20.Qxh4 Rf6 21.Rb1 Nd7 22.d6 Rxd6
23.Bd5+ Kh8 24.Be6 Nde5 {#R} 0-1

[Event "Ch Yugoslavia (team)"]
[Site "masterchessopen.com Cetinje (Montenegro)"]
[Round "3"]
[White "Lazarevic Aleksandar (SRB)"]
[Black "Simonovic Miroslav (SRB)"]
[Result "0-1"]
[WhiteElo "2200"]
[BlackElo "2219"]

1.d4 Nf6 2.Nf3 g6 3.c4 d5 4.cxd5 Nxd5 5.g3 Bg7 6.Bg2 O-O 7.O-O Nb6 8.e3 Nc6
9.Nc3 e5 10.d5 Ne7 11.e4 Bg4 12.Qb3 c6 13.Be3 cxd5 14.Bxb6 axb6 15.exd5 Nf5
16.Nb5 e4 17.Nd2 Be2 18.Nxe4 Bxf1 19.Rxf1 Rc8 20.Rd1 Re8 21.g4 Rxe4 22.Bxe4
Nd6 23.Nxd6 Qxd6 24.a3 Be5 25.h3 Rc7 26.Kg2 Re7 27.Rd2 Bxb2 28.Bxg6 hxg6
29.Rxb2 Re4 30.Qxb6 Qxd5 31.f3 Re6 32.Qxb7 Re2+ 33.Kg3 Qe5+ 34.Kh4 Rxb2
35.Qc8+ Kg7 {#R} 0-1

[Event "Ch Norway"]
[Site "masterchessopen.com Gjovik (Norway)"]
[Round "0"]
[White "Kristiansen Erling (NOR)"]
[Black "Tisdall Jonathan D (NOR)"]
[Result "0-1"]
[WhiteElo "2220"]
[BlackElo "2410"]

1.d4 Nf6 2.c4 g6 3.Nf3 Bg7 4.g3 O-O 5.Bg2 d5 6.cxd5 Nxd5 7.O-O Nb6 8.Nc3 Nc6
9.e3 e5 10.d5 Na5 11.b3 e4 12.Nd4 Nxd5 13.Nxe4 b6 14.Bd2 c5 15.Nc2 Nc6 16.Rc1
Ba6 17.Re1 Ne5 18.Rb1 Nd3 19.Re2 Nb2 20.Qe1 Rc8 21.f4 Re8 22.Bf3 Bxe2 23.Qxe2
c4 24.Nb4 Nxb4 25.Bxb4 Qd3 26.Qxd3 Nxd3 {#R} 0-1

[Event "It"]
[Site "masterchessopen.com Lenk (Switzerland)"]
[Round "0"]
[White "Ilic Zoran (SRB)"]
[Black "Georges Sacha (SUI)"]
[Result "1-0"]
[WhiteElo "2349"]
[BlackElo "2237"]

1.d4 Nf6 2.Nf3 g6 3.c4 Bg7 4.g3 O-O 5.Bg2 d5 6.cxd5 Nxd5 7.O-O Nb6 8.Nc3 Nc6
9.d5 Na5 10.e4 c6 11.Bf4 h6 12.Qc1 cxd5 13.Nxd5 Nxd5 14.exd5 g5 15.Be5 f6
16.Bc7 Qxd5 17.Rd1 Qb5 18.Nd4 Qb4 19.a3 Qa4 20.b3 Nxb3 21.Bd5+ Kh8 22.Bxb3 Qe8
23.Ne6 Qf7 24.Nxf8 Qxb3 25.Ng6+ Kh7 26.Nxe7 Bh3 27.Qb1+ Qxb1 28.Raxb1 {#r} 1-0

[Event "Ch Poland (team)"]
[Site "masterchessopen.com Mikolajki (Poland)"]
[Round "4"]
[White "Pieniazek Andrzej (POL)"]
[Black "Siekanski Janusz (POL)"]
[Result "0-1"]
[WhiteElo "2200"]
[BlackElo "2290"]

1.d4 Nf6 2.c4 g6 3.Nf3 Bg7 4.g3 d5 5.cxd5 Nxd5 6.Bg2 O-O 7.O-O Nb6 8.Nc3 Nc6
9.d5 Na5 10.e4 c6 11.Bg5 cxd5 12.exd5 h6 13.Bf4 Nac4 14.b3 e5 15.dxe6 Bxe6
16.bxc4 Qxd1 17.Rfxd1 Bxc3 18.Rac1 Bg7 19.c5 Nd5 20.Bd6 Nc3 21.Bxf8 Rxf8
22.Rd2 Rc8 23.Re1 Rxc5 24.a3 b6 25.Nd4 Bxd4 26.Be4 Nxe4 27.Rxd4 Ng5 28.Rd8+
Kg7 29.Red1 Rc2 30.h4 Nh3+ 31.Kg2 Rxf2+ {#R} 0-1

[Event "Ch Bulgaria"]
[Site "masterchessopen.com Pazardzik (Bulgaria)"]
[Round "0"]
[White "Delchev Aleksander (BUL)"]
[Black "Petkov Vladimir (BUL)"]
[Result "1-0"]
[WhiteElo "2405"]
[BlackElo "2511"]

1.d4 Nf6 2.c4 g6 3.g3 Bg7 4.Bg2 d5 5.cxd5 Nxd5 6.Nf3 O-O 7.O-O Nb6 8.Nc3 Nc6
9.e3 e5 10.d5 Ne7 11.e4 Bg4 12.Qb3 c6 13.Nh4 cxd5 14.exd5 Kh8 15.h3 Bd7 16.a4
Qc8 17.a5 Nc4 18.Qb4 Re8 19.b3 Nd6 20.Qxd6 Qxc3 21.Bg5 Bb5 22.Bxe7 Bxf1
23.Rxf1 e4 24.Bxe4 Rac8 25.Bg2 Rc7 26.Bg5 Be5 27.Qa3 Qd3 28.Nf3 Bg7 29.d6 {#r}
1-0

[Event "Ch Russia"]
[Site "masterchessopen.com Smolensk (Russia)"]
[Round "0"]
[White "Volkov Sergey Viktorovich (RUS)"]
[Black "Semeniuk Alexander A (RUS)"]
[Result "1-0"]
[WhiteElo "2614"]
[BlackElo "2417"]

1.d4 Nf6 2.Nf3 g6 3.g3 Bg7 4.Bg2 O-O 5.c4 d5 6.cxd5 Nxd5 7.O-O Nb6 8.Nc3 Nc6
9.d5 Na5 10.Qc2 c6 11.dxc6 Nxc6 12.Rd1 Bd7 13.Be3 Qc8 14.Bxb6 axb6 15.Nd5 Ra6
16.Qxc6 bxc6 17.Nxe7+ Kh8 18.Nxc8 Bxc8 19.Rd2 b5 20.e3 Bf5 21.Nd4 Rd8 22.Rdd1
Bg4 23.f3 Bd7 24.Rac1 Bh6 25.f4 Bg4 26.Rd2 Rxa2 27.Rxc6 Bf8 28.h3 Ra1+ 29.Kh2
Bd1 30.Rc7 Kg8 31.Bf1 Bb4 32.Rf2 Be1 33.Rg2 Rb8 34.Bxb5 Ba5 35.Ra7 Rxb5
36.Nxb5 Bf3 {#r} 1-0